00634nam a2200157 a 450000100100000000500170001000800410002704000250006810000240009324500500011726000540016730000210022150000420024295201750028499900170045900004031820201002034044.0130821s1967 vi 000 0 spa d aDO-SdBNPbspacBNPHU1 aKhai, Nguyen96660610aCon los combatientes de Conco /cNguyen Khai. a[s.n.] :bEdiciones en Lenguas Española,c1967. a140 p. ;c20 cm. aIncluye notas al pie de las páginas 001050718MOaGRbGRcCTd2013-08-21iLF1l0o p40318-10r2020-06-25w2020-06-25y1zPerteneció en la biblioteca personal Aída Cartagena PortalatínZNo se presta c39808d39808